|
|
|
|
| LEADER |
00000cas a2200000 a 4500 |
| 001 |
vtls001222577 |
| 003 |
SK-MaSNL |
| 005 |
20260221120542.0 |
| 008 |
960412d19931994un r p 0 0c0ukr c |
| 035 |
|
|
|a SNK000168250
|
| 040 |
|
|
|a SNK
|b slo
|c SNK
|e AACR2
|
| 041 |
0 |
|
|a ukr
|
| 044 |
|
|
|a un
|c UA
|
| 245 |
0 |
0 |
|a Znak
|b Visnyk Ukrajins'koho heral'dyčnoho tovarystva
|
| 260 |
|
|
|a [Ľviv]
|b Ukrajins'ke heral'dyčne tovarystvo Znak
|c 1993-1994
|
| 850 |
|
|
|a Slovenská národná knižnica v Martine
|
| 910 |
|
|
|a snk
|
| 999 |
|
|
|c 6465
|d 8395
|
| 952 |
|
|
|0 0
|1 0
|4 0
|7 0
|8 1
|a SNK
|b SNK
|d 1996-10-15
|i snkD 1020/96
|l 0
|o snkČSB 4589/1994
|p 17A0013722
|r 2005-01-01 00:00:00
|t č. 5-8
|w 2026-02-21
|y PREZ
|
| 952 |
|
|
|0 0
|1 0
|4 0
|7 0
|8 1
|a SNK
|b SNK
|d 1996-10-15
|i snkD 1021/96
|l 0
|o snkČSB 4589/1994 D1
|p 17A0013721
|r 2005-01-01 00:00:00
|t č. 5-8
|w 2026-02-21
|y PREZ
|
| 952 |
|
|
|0 0
|1 0
|4 0
|7 0
|8 1
|a SNK
|b SNK
|d 1996-10-15
|i snkD 1018/96
|l 0
|o snkČSB 4589/1993
|p 17A0013720
|r 2005-01-01 00:00:00
|t č. 1-4
|w 2026-02-21
|y PREZ
|
| 952 |
|
|
|0 0
|1 0
|4 0
|7 0
|8 1
|a SNK
|b SNK
|d 1996-10-15
|i snkD 1019/96
|l 0
|o snkČSB 4589/1993 D1
|p 17A0013719
|r 2005-01-01 00:00:00
|t č. 1-4
|w 2026-02-21
|y PREZ
|